Precalculus (Record no. 63980)

000 -LEADER
fixed length control field 00467nam a22001937a 4500
003 - CONTROL NUMBER IDENTIFIER
control field NUST - PNEC
005 - DATE AND TIME OF LATEST TRANSACTION
control field 20170116180829.0
008 - FIXED-LENGTH DATA ELEMENTS--GENERAL INFORMATION
fixed length control field 150729b xxu||||| |||| 00| 0 eng d
020 ## - INTERNATIONAL STANDARD BOOK NUMBER
International Standard Book Number 0029462088
020 ## - INTERNATIONAL STANDARD BOOK NUMBER
International Standard Book Number 0024184322
040 ## - CATALOGING SOURCE
Transcribing agency LIBRARY
082 ## - DEWEY DECIMAL CLASSIFICATION NUMBER
Classification number 515 SUL
100 ## - MAIN ENTRY--PERSONAL NAME
9 (RLIN) 4540
Personal name Sullivan, Michael
245 ## - TITLE STATEMENT
Title Precalculus
Statement of responsibility, etc. Michael Sullivan
250 ## - EDITION STATEMENT
Edition statement International edition
260 ## - PUBLICATION, DISTRIBUTION, ETC.
Date of publication, distribution, etc. c1987.
650 ## - SUBJECT ADDED ENTRY--TOPICAL TERM
9 (RLIN) 4541
Topical term or geographic name entry element Calculus
General subdivision ME
942 ## - ADDED ENTRY ELEMENTS (KOHA)
Source of classification or shelving scheme
Koha item type Book
Holdings
Withdrawn status Lost status Source of classification or shelving scheme Damaged status Not for loan Permanent Location Current Location Shelving location Date acquired Total Checkouts Full call number Barcode Date last seen Price effective from Koha item type
          Pakistan Navy Engineering College (PNEC) Pakistan Navy Engineering College (PNEC)       515 SUL PNECLIB-016704 07/29/2015   Book
          Pakistan Navy Engineering College (PNEC) Pakistan Navy Engineering College (PNEC)       515 SUL PNECLIB-016705 07/29/2015   Book
© 2023 Central Library, National University of Sciences and Technology. All Rights Reserved.